Pays avec la presse la plus libre - Statistiques

Statistiques générales
  • Ce quiz a été pris 38 fois
  • Le résultat moyen est 6 sur 7
Statistiques - réponses
Hint Réponse % Correct
87,9 / 100 Finlande
97%
91,1 / 100 Norvège
97%
88,4 / 100 Suède
97%
90,9 / 100 Danemark
86%
87,5 / 100 Pays-Bas
81%
85,8 / 100 Estonie
53%
84,2 / 100 Portugal
44%
Aucun quiz correspondant
Distribution des résultats
% des personnes avec chaque résultat
Percentile par nombre de réponses
Votre historique - résultats
Vous n’avez pas pris ce quiz